01489cam a2200385 a 4500001000800000005001700008008004100025020001500066035002300081035001700104040001800121041001300139043000700152045000900159082002300168100002200191245008400213246003000297260003000327300003600357500018500393504005400578505016000632546002500792600003500817650003600852650002700888700002000915700001500935700002100950700001800971700002500989710003601014710005301050536032620220326193338.0050307s2005 it a bc 000 0 eng d a8873361579 a(OCoLC)ocm60557903 a(NNC)5360326 aUPMcUPMdC3L0 aengaspa acm ax4x-14a709.040.75bG212ca1 aGaraicoa, Carlos.10aCarlos Garaicoa :bCapablanca's real passion.cCarlos Garaicoa, Carolina Taddei30aCapablanca's real passion aPrato :bGli Ori,cc2005. a182 p. :bill. (col.) ;c28 cm. aCatalog of two different exhibitions of the artist's work held at the Aspen Art Museum, Feb. 18-Apr. 10, 2005 and the Museum of Contemporary Art, Los Angeles, Mar. 6-Jul. 17, 2005. aIncludes bibliographical references (p. 181-182). tCarlos Garaicoa rAlma RuiztCarlos Garaicoa: Selected Works tA conversation with Carlos GaraicoarLorenzo FusitUnfaithful Readings rOrlando Hernández aEnglish and Spanish.10aGaraicoa, CarlosvExhibitions. aInterventions vConceptual art  aMaquetasvExhibiciones aTaddei Carolina aRuiz, Alma aPedrosa, Adriano aFusi, Lorenzo aHernández, Orlando2 aAspen Art Museum (Aspen, Colo.)2 aMuseum of Contemporary Art (Los Angeles, Calif.)